000 01125nam a2200265 a 4500
001 1800058
003 AM-YEHGA
005 20250618080023.0
008 211101s2021 ai a|||gr|||||||||0|arm|d
020 _a9789939663067
040 _aAM-YeHGA
041 0 _aarm
100 1 _aԹէրզիպաշեան, Աւետիս
245 1 0 _aԱնդրանիկ /
_cԱ. Թէրզիպաշեան ; [Կազմող և խմբագիր՝ Կ. Վարդանյան ; Սրբագրիչ՝ Ա. Ֆիշենկճեան].
260 _aԵրեւան :
_bBookinist,
_c2021.
_f(Ոսկան Երևանցի)
300 _a472 էջ :
_bլուսանկ. ;
_c21 սմ.
490 0 _aՊատմություն կերտողները
600 0 4 _aԱնդրանիկ,
_d1875-1927
_q(Օզանյան Անդրանիկ Թորոսի),
650 1 4 _aՀայ պատմական գործիչներ
_xԿյանքն ու գործունեությունը
650 1 4 _aՍփյուռքահայ արձակ
700 1 _aՎարդանյան, Կարո
_eկազմ.
_4com
_eխմբ.
_4edt
_94136
700 1 _aՖիշենկճեան, Անի
_eսրբագրիչ
_4crr
942 _2udc
_cBK
090 _c523577
999 _c520011
_d520011